000 04537cgm a2200889Ka 4500
003 OCoLC
005 20241220120540.0
007 vd cvaizq
008 070112s2007 cau120 e vleng d
001 ocm77756287
020 _a1594445001
020 _a9781594445002
024 1 0 _a796019799324
028 4 2 _a79932
_bWeinstein Company
035 _a(Sirsi) i9781594445002
035 _a(OCoLC)77756287
037 _bMidwest Tape
_nhttp://www.midwesttapes.com
040 _aTEFMT
_cTEFMT
_dTEF
_dGK8
_dGK6
_dUINTA
041 0 _aeng
_bspa
_geng
043 _an-us---
_an-us-ca
049 _aUCLB
050 1 4 _aPN1995.9.B55
_bB6339 2007
082 0 4 _a791.43/72
_222
092 _a791.437
130 0 _aBobby (Motion picture : 2006)
_973838
245 1 0 _aBobby
_h[videorecording] /
_cThe Weinstein Company and Bold Films ; produced by Edward Bass, Michel Litvak, Holly Wiersma ; written by Emilio Estevez ; directed by Emilio Estevez.
250 _aWidescreen ed.
260 _aSanta Monica, CA :
_bGenius Products,
_c[2007]
300 _a1 videodisc (120 min.) :
_bsd., col. ;
_c4 3/4 in.
538 _aDVD, region 1, widescreen presentation; Dolby Digital.
511 1 _aHarry Belafonte, Nick Cannon, Emilio Estevez, Laurence Fishburne, Heather Graham, Anthony Hopkins, Helen Hunt, Joshua Jackson, Ashton Kutcher, Shia LaBeouf, Lindsay Lohan, William H. Macy, Demi Moore, Freddy Rodríguez, Martin Sheen, Christian Slater, Sharon Stone, Elijah Wood, Dave Fraunces, David Kobzantsev.
508 _aDirector of photography, Michael Barrett ; editor, Richard Chew ; music, Mark Isham ; costume designer, Julie Weiss ; production designer, Patti Podesta.
521 8 _aMPAA rating: R.
546 _aClosed-captioned. Includes Spanish subtitles.
520 _aThe 1968 assassination of Robert F. Kennedy in a Los Angeles hotel kitchen. We see Kennedy's acceptance speech after winning the California Democratic presidential primary, his death at the hands of gunman Sirhan Sirhan, and the chaos and despair that ensued. The people at the hotel don't know what is coming. Our grief at hearing RFK's own words, so eloquent, so hopeful and inspiring. Watch the horrible events unfold and wonder what might have been. Bobby was the man whom many thought would defeat Richard Nixon in the '68 general election. Centers around 22 people who were guests, staff, campaign workers, and reporters who were at the Ambassador Hotel on that June day. Many issues are addressed, including, the Vietnam war, drugs, alcoholism, voting irregularities, adultery, racism, immigration, and communism.
586 8 _aVenice Film Festival, 2006: Biografilm Award (Emilio Estevez).
600 1 0 _aKennedy, Robert F.,
_d1925-1968
_xAssassination
_vDrama.
_96172782
650 0 _aAssassination
_zCalifornia
_zLos Angeles
_vDrama.
_96506472
650 0 _aPresidential candidates
_zUnited States
_vDrama.
_95766094
600 1 4 _aKennedy, Robert F.,
_d1925-1968
_vDrama.
_96172784
650 4 _aAssassination
_zCalifornia
_zLos Angeles
_vDrama.
_96506472
650 4 _aPresidential candidates
_zUnited States
_vDrama.
_95766094
610 2 4 _aAmbassador Hotel
_vDrama.
_96172785
651 4 _aLos Angeles (Calif.)
_vDrama.
_96172786
655 0 _aFeature films.
_96172787
655 0 _aBiographical films.
_9102649
655 0 _aMelodrama.
_96172788
655 7 _aBiographical
_vFeature.
_2local
_95755264
655 0 _aMelodrama
_vFeature.
_95675363
655 7 _aCrime
_vFeature.
_2local
_95756605
700 1 _aBass, Edward.
_96171789
700 1 _aLitvak, Michel.
_973980
700 1 _aWiersma, Holly.
_973981
700 1 _aEstevez, Emilio,
_d1962-
_932882
700 1 _aBelafonte, Harry,
_d1927-
_920994
700 1 _aCannon, Nick,
_d1980-
_969928
700 1 _aFishburne, Larry.
_960302
700 1 _aGraham, Heather,
_d1970-
_962339
700 1 _aHopkins, Anthony,
_d1937-
_94319
700 1 _aHunt, Helen,
_d1963-
_961891
700 1 _aJackson, Joshua,
_d1978-
_9502
700 1 _aKutcher, Ashton,
_d1978-
_953078
700 1 _aLaBeouf, Shia,
_d1986-
_969274
700 1 _aLohan, Lindsay,
_d1986-
_969743
700 1 _aMacy, William H.,
_d1950-
_95042
700 1 _aMoore, Demi.
_960164
700 1 _aRodríguez, Freddy,
_d1975-
_968899
700 1 _aSheen, Martin.
_915714
700 1 _aSlater, Christian.
_917964
700 1 _aStone, Sharon.
_957625
700 1 _aWood, Elijah,
_d1981-
_961752
710 2 _aBold Films.
_956616
710 2 _aWeinstein Company.
_973072
942 _cDVD
_0166
994 _aC0
_bUINTA
998 _aa101893
999 _c46637
_d46637